| 000 | 00527nam a22001817a 4500 | ||
|---|---|---|---|
| 003 | OSt | ||
| 005 | 20260303002052.0 | ||
| 008 | 260202b |||||||| |||| 00| 0 eng d | ||
| 020 | _a978-971-27-2373-5 | ||
| 040 |
_aDWCL-Main Lib _cOC |
||
| 082 | _aFil. 741.58 R364 2010 | ||
| 245 | _aRenaissance : ang muling pagakabuhay | ||
| 260 |
_aPasig City : _bAnvil Publishing, _cc2010. |
||
| 300 |
_a131 p. : _bill. ; _c28 cm. |
||
| 650 | _aCartoon - Drawing. | ||
| 700 |
_aCOMPILED BY ANVIL _eCompiler |
||
| 942 |
_2ddc _cBK - FIL _mFil. _n0 |
||
| 999 |
_c8124 _d8124 |
||